[Event "SWE-chT 1819 Elite"]
[Site "Sweden"]
[Date "2018.11.11"]
[Round "3.3"]
[White "Akesson, Ralf"]
[Black "Ingbrandt, Johan"]
[Result "1/2-1/2"]
[WhiteElo "2366"]
[BlackElo "2364"]
[PlyCount "99"]
[EventDate "2018.11.09"]
[EventType "team-tourn"]
[EventRounds "9"]
[EventCountry "SWE"]
[SourceTitle "CBM 187 Extra"]
[Source "ChessBase"]
[SourceDate "2018.11.04"]
[SourceVersion "1"]
[SourceVersionDate "2018.11.04"]
[SourceQuality "1"]
[WhiteTeam "Vasteras"]
[BlackTeam "Norrkoping Schack 08"]
[WhiteTeamCountry "SWE"]
[BlackTeamCountry "SWE"]

1. Nf3 d5 2. d4 Nf6 3. c4 dxc4 4. e3 e6 5. Bxc4 c5 6. 0-0 a6 7. Bb3 Be7 8. Qe2 cxd4 9. exd4 Nc6 10. Rd1 0-0 11. Nc3 Na5 12. Bc2 b5 13. d5 exd5 14. Bg5 Bb7 15. Nd4 g6 16. Qf3 Ne4 17. Bh6 Re8 18. Nf5 Bf6 19. Bxe4 dxe4 20. Qe3 Qc7 21. Nd6 Re6 22. Nxb7 Qxb7 23. Nd5 Be5 24. Rab1 Nc4 25. Qb3 Rd6 26. Ne3 Nxe3 27. Rxd6 Bxd6 28. Qxe3 Bf8 29. Bxf8 Rxf8 30. Rd1 Qc6 31. g3 Re8 32. b3 Qf6 33. Re1 Re6 34. Rd1 Kg7 35. Kg2 h5 36. h4 Qe5 37. Rd7 Rc6 38. Rd4 Re6 39. Rd7 Re7 40. Rd8 Rc7 41. Rd4 Re7 42. Rd8 Re6 43. Rd7 Qb2 44. Rd2 Qa1 45. Rc2 b4 46. Rc4 a5 47. Rxe4 Rxe4 48. Qxe4 Qxa2 49. Qe5+ Kh7 50. Qd5 1/2-1/2

[Event "SWE-chT 1819 Elite"]
[Site "Sweden"]
[Date "2018.11.09"]
[Round "1.4"]
[White "Ingbrandt, Johan"]
[Black "Neiksans, Arturs"]
[Result "1/2-1/2"]
[WhiteElo "2364"]
[BlackElo "2553"]
[PlyCount "116"]
[EventDate "2018.11.09"]
[EventType "team-tourn"]
[EventRounds "9"]
[EventCountry "SWE"]
[SourceTitle "CBM 189 Extra"]
[Source "ChessBase"]
[SourceDate "2019.06.03"]
[SourceVersion "1"]
[SourceVersionDate "2019.06.03"]
[SourceQuality "1"]
[WhiteTeam "Norrkoping Schack 08"]
[BlackTeam "Stockholm Rockaden"]
[WhiteTeamCountry "SWE"]
[BlackTeamCountry "SWE"]

1. Nf3 Nf6 2. g3 b5 3. Bg2 Bb7 4. 0-0 e6 5. d3 Be7 6. e4 c5 7. a4 b4 8. Nbd2 0-0 9. Nc4 d5 10. exd5 Nxd5 11. Re1 Nc6 12. h4 Rb8 13. Bd2 Bf6 14. Ng5 Nd4 15. c3 bxc3 16. bxc3 Nf5 17. Ne4 Be7 18. Qe2 Ba8 19. h5 h6 20. Reb1 Qc7 21. Qd1 Bc6 22. Bf3 Rfd8 23. Rxb8 Rxb8 24. Qc2 Rd8 25. a5 Rb8 26. Rb1 Rb5 27. Rxb5 Bxb5 28. Qa2 Bf8 29. Bd1 Ba6 30. Qa4 Qb8 31. Qb3 Qd8 32. Be2 Qc7 33. Qa3 Qb8 34. Qb2 Qd8 35. Qa2 Qc8 36. Qb3 Qc7 37. Qa3 Bc8 38. Qb3 Bd7 39. Bd1 Nfe7 40. Qa3 Nc6 41. Nxc5 Ne5 42. Nxe5 Bxc5 43. Qb2 Qxe5 44. d4 Qe4 45. dxc5 Ne3 46. Bxe3 Bc6 47. f3 Qxe3+ 48. Kg2 Qxc5 49. Qb4 Qxh5 50. Qb8+ Kh7 51. Qxa7 Qd5 52. Be2 Qd2 53. Kf2 Qxc3 54. Qxf7 Qc5+ 55. Kf1 Qc1+ 56. Kf2 Qc5+ 57. Kf1 Qc1+ 58. Kf2 Qc5+ 1/2-1/2

[Event "Deltalift op"]
[Site "Tylosand"]
[Date "2017.05.27"]
[Round "8"]
[White "Ingbrandt, Johan"]
[Black "Wallin, Denis"]
[Result "1-0"]
[WhiteElo "2359"]
[BlackElo "2154"]
[PlyCount "45"]
[EventDate "2017.05.25"]
[EventType "swiss"]
[EventRounds "8"]
[EventCountry "SWE"]
[SourceTitle "CBM 178 Extra"]
[Source "ChessBase"]
[SourceDate "2017.06.22"]
[SourceVersion "1"]
[SourceVersionDate "2017.06.22"]
[SourceQuality "1"]

1. Nf3 e6 2. c4 b6 3. g3 Bb7 4. Bg2 c5 5. 0-0 Nf6 6. Nc3 Be7 7. b3 0-0 8. Bb2 d6 9. e3 Nbd7 10. d4 a6 11. d5 exd5 12. Nh4 Ra7 13. Nf5 d4 14. exd4 Bxg2 15. Kxg2 Re8 16. Re1 Bf8 17. Qd2 cxd4 18. Qxd4 Ne5 19. Rad1 Rd7 20. Nd5 Nxd5 21. Qxd5 Qg5 22. Nd4 Ree7 23. Nc6 1-0

[Event "Deltalift op"]
[Site "Tylosand"]
[Date "2017.05.26"]
[Round "5"]
[White "Ingbrandt, Johan"]
[Black "Harren, Mats"]
[Result "1-0"]
[WhiteElo "2359"]
[BlackElo "2090"]
[PlyCount "83"]
[EventDate "2017.05.25"]
[EventType "swiss"]
[EventRounds "8"]
[EventCountry "SWE"]
[SourceTitle "CBM 178 Extra"]
[Source "ChessBase"]
[SourceDate "2017.06.22"]
[SourceVersion "1"]
[SourceVersionDate "2017.06.22"]
[SourceQuality "1"]

1. Nf3 Nf6 2. c4 e6 3. g3 b6 4. Bg2 Bb7 5. 0-0 Be7 6. b3 c5 7. Bb2 0-0 8. Nc3 d5 9. e3 Nbd7 10. Qe2 Rc8 11. Rfd1 Qc7 12. Rac1 Qb8 13. cxd5 Nxd5 14. Nxd5 Bxd5 15. e4 Bb7 16. d4 Bf6 17. e5 Be7 18. d5 Bxd5 19. Rxd5 exd5 20. e6 Qd6 21. exd7 Qxd7 22. Rd1 d4 23. Bc1 Bf6 24. Bf4 Rfe8 25. Qa6 h6 26. h4 Re7 27. Ne1 Rce8 28. Nd3 Re2 29. Bf3 R2e7 30. Qc4 g5 31. hxg5 hxg5 32. Bc1 Kg7 33. b4 Qa4 34. Qd5 cxb4 35. Bxg5 Qc2 36. Bxf6+ Kxf6 37. Qxd4+ Kg6 38. Qxb4 Qxa2 39. Qg4+ Kh7 40. Kg2 Re6 41. Be4+ Rxe4 42. Rh1# 1-0

[Event "SWE-chT 1516 Superettan"]
[Site "Sweden"]
[Date "2016.03.19"]
[Round "8"]
[White "Ingbrandt, Johan"]
[Black "Reimanis, Ritvars"]
[Result "1/2-1/2"]
[WhiteElo "2365"]
[BlackElo "2183"]
[PlyCount "152"]
[EventDate "2015.11.06"]
[EventType "team-tourn"]
[EventRounds "9"]
[EventCountry "SWE"]
[SourceTitle "EXT 2018"]
[Source "ChessBase"]
[SourceDate "2017.10.13"]
[SourceVersion "1"]
[SourceVersionDate "2017.10.13"]
[SourceQuality "1"]
[WhiteTeam "Norrkoping Schack 08"]
[BlackTeam "Malmo"]
[WhiteTeamCountry "SWE"]
[BlackTeamCountry "SWE"]

1. Nf3 Nf6 2. g3 g6 3. Bg2 Bg7 4. c4 0-0 5. 0-0 d5 6. cxd5 Qxd5 7. Nc3 Qh5 8. d4 Bh3 9. Qb3 Bxg2 10. Kxg2 b6 11. Bf4 c5 12. dxc5 Qxc5 13. Rac1 Nbd7 14. Rfd1 Qa5 15. Qb5 Qxb5 16. Nxb5 a6 17. Nbd4 Rfc8 18. Nc6 Kf8 19. b4 b5 20. Nfe5 Ke8 21. f3 Nb6 22. e4 Nfd7 23. Nxd7 Nxd7 24. Be3 Rc7 25. Na7 Kd8 26. Rxc7 Kxc7 27. Rc1+ Kd8 28. Rc6 Ne5 29. Rxa6 Kd7 30. a4 bxa4 31. Rxa4 Nc4 32. Bc5 Nd6 33. Ra3 Rb8 34. Ra6 Ra8 35. Ra2 Rb8 36. Rc2 Rb7 37. Kf1 Rc7 38. Rd2 Rb7 39. Rd5 Ke6 40. Bxd6 Rxa7 41. Bc5 Ra2 42. b5 f5 43. b6 fxe4 44. fxe4 Rb2 45. Bf2 Rb4 46. Kg2 Be5 47. Kf3 Bd6 48. Be3 Rb3 49. Ke2 Rb4 50. Bd4 Kd7 51. Kd3 e6 52. Ra5 e5 53. Ra7+ Ke6 54. Bc3 Rxb6 55. Rxh7 Rb3 56. Kc4 Rb8 57. g4 Rc8+ 58. Kd3 Rd8 59. Ke2 Rc8 60. Bd2 Rc4 61. Kf3 Rc2 62. Be3 Rc3 63. Ke2 Ra3 64. g5 Ra2+ 65. Kf1 Ra1+ 66. Kg2 Ra2+ 67. Kf3 Ra3 68. Rh3 Bc5 69. Ke2 Bxe3 70. Rxe3 Ra2+ 71. Kd3 Ra3+ 72. Ke2 Ra2+ 73. Kf1 Rxh2 74. Rf3 Rh4 75. Rf6+ Ke7 76. Rxg6 Rxe4 1/2-1/2

[Event "SWE-chT 1516 Superettan"]
[Site "Sweden"]
[Date "2016.02.27"]
[Round "6"]
[White "Ingbrandt, Johan"]
[Black "Johansson, Thomas1111"]
[Result "1/2-1/2"]
[WhiteElo "2365"]
[BlackElo "2203"]
[PlyCount "84"]
[EventDate "2015.11.06"]
[EventType "team-tourn"]
[EventRounds "9"]
[EventCountry "SWE"]
[SourceTitle "EXT 2018"]
[Source "ChessBase"]
[SourceDate "2017.10.13"]
[SourceVersion "1"]
[SourceVersionDate "2017.10.13"]
[SourceQuality "1"]
[WhiteTeam "Norrkoping Schack 08"]
[BlackTeam "Upsala"]
[WhiteTeamCountry "SWE"]
[BlackTeamCountry "SWE"]

1. b3 d5 2. Bb2 Bg4 3. f3 Bf5 4. e3 e6 5. Ne2 Nf6 6. d4 h5 7. Nbc3 a6 8. Qd2 Bb4 9. a3 Bd6 10. Na4 Nbd7 11. b4 h4 12. Nc5 Qb8 13. Nxd7 Kxd7 14. 0-0-0 c6 15. Nf4 Bxf4 16. exf4 Nh5 17. Rg1 Qxf4 18. g4 hxg3 19. hxg3 Qxd2+ 20. Kxd2 Nf6 21. g4 Bg6 22. Rg2 Ne8 23. Ke3 Nd6 24. Bc3 Rh7 25. a4 Rh1 26. Re1 Rah8 27. b5 axb5 28. axb5 R8h2 29. bxc6+ Kxc6 30. Rxh2 Rxh2 31. Be2 b5 32. Bb4 Nc4+ 33. Bxc4 bxc4 34. c3 Bd3 35. Kf4 Rb2 36. Bf8 Rc2 37. Bb4 Rh2 38. Ra1 Kb7 39. Bc5 Bg6 40. Ra7+ Kc6 41. Ra8 Re2 42. Bb4 Kb5 1/2-1/2

[Event "SWE-chT 1415 Superettan"]
[Site "Sweden"]
[Date "2015.03.21"]
[Round "8"]
[White "Olofsson Dolk, Mattis"]
[Black "Ingbrandt, Johan"]
[Result "0-1"]
[WhiteElo "2222"]
[BlackElo "2358"]
[PlyCount "68"]
[EventDate "2014.11.21"]
[EventType "team-tourn"]
[EventRounds "9"]
[EventCountry "SWE"]
[SourceTitle "EXT 2018"]
[Source "ChessBase"]
[SourceDate "2017.10.13"]
[SourceVersion "1"]
[SourceVersionDate "2017.10.13"]
[SourceQuality "1"]
[WhiteTeam "Vaxjo"]
[BlackTeam "Norrkoping Schack 08"]
[WhiteTeamCountry "SWE"]
[BlackTeamCountry "SWE"]

1. e4 e5 2. Nf3 Nc6 3. Bb5 Nf6 4. 0-0 Bc5 5. c3 0-0 6. d4 Bb6 7. Bg5 h6 8. Bh4 d6 9. Qd3 exd4 10. cxd4 g5 11. Bxc6 bxc6 12. Bg3 Nh5 13. Nc3 f5 14. exf5 Bd7 15. d5 Bxf5 16. Qc4 c5 17. Nd1 Qf6 18. Ne3 Rae8 19. Nxf5 Qxf5 20. Rae1 Rxe1 21. Nxe1 Nf6 22. Nc2 Qxd5 23. Qe2 c4 24. Na3 Re8 25. Qxc4 Qxc4 26. Nxc4 Re2 27. a4 Bd4 28. b3 Ne4 29. Na5 Rb2 30. Nc6 Bc5 31. b4 Bxb4 32. Nxa7 Bc5 33. Nc6 h5 34. Re1 h4 0-1

[Event "SWE-chT 1415 Superettan"]
[Site "Sweden"]
[Date "2015.03.20"]
[Round "7"]
[White "Ingbrandt, Johan"]
[Black "Engqvist, Thomas"]
[Result "1-0"]
[WhiteElo "2358"]
[BlackElo "2362"]
[PlyCount "61"]
[EventDate "2014.11.21"]
[EventType "team-tourn"]
[EventRounds "9"]
[EventCountry "SWE"]
[SourceTitle "EXT 2018"]
[Source "ChessBase"]
[SourceDate "2017.10.13"]
[SourceVersion "1"]
[SourceVersionDate "2017.10.13"]
[SourceQuality "1"]
[WhiteTeam "Norrkoping Schack 08"]
[BlackTeam "Stockholm Rockaden II"]
[WhiteTeamCountry "SWE"]
[BlackTeamCountry "SWE"]

1. b3 b6 2. e4 Bb7 3. Nc3 c5 4. Bb2 a6 5. g3 Nf6 6. Bg2 e6 7. Nge2 Qc7 8. 0-0 d6 9. d4 cxd4 10. Nxd4 Nbd7 11. Re1 0-0-0 12. a4 h5 13. Qe2 h4 14. Ncb5 axb5 15. Nxb5 Qc5 16. a5 hxg3 17. hxg3 Rh5 18. c4 Qg5 19. axb6 Nxb6 20. Bd4 Nfd7 21. Ra7 Qh6 22. Qa2 Rxb5 23. cxb5 Qg5 24. Rxb7 Kxb7 25. Qa6+ Kc7 26. Qa7+ Kc8 27. e5 d5 28. Bxb6 Nxb6 29. Qxb6 Kd7 30. Qc6+ Ke7 31. b6 1-0

[Event "SWE-chT 1415 Superettan"]
[Site "Sweden"]
[Date "2015.01.18"]
[Round "5"]
[White "Fries Nielsen, Jens Ove"]
[Black "Ingbrandt, Johan"]
[Result "1-0"]
[WhiteElo "2424"]
[BlackElo "2358"]
[PlyCount "57"]
[EventDate "2014.11.21"]
[EventType "team-tourn"]
[EventRounds "9"]
[EventCountry "SWE"]
[SourceTitle "EXT 2018"]
[Source "ChessBase"]
[SourceDate "2017.10.13"]
[SourceVersion "1"]
[SourceVersionDate "2017.10.13"]
[SourceQuality "1"]
[WhiteTeam "Burgsvik Alva"]
[BlackTeam "Norrkoping Schack 08"]
[WhiteTeamCountry "SWE"]
[BlackTeamCountry "SWE"]

1. d4 e6 2. e4 d5 3. e5 c5 4. c3 Qb6 5. g3 Nc6 6. Ne2 Nh6 7. Bh3 cxd4 8. cxd4 Nf5 9. Bxf5 exf5 10. Nbc3 Be6 11. h4 h6 12. Kf1 Be7 13. Be3 0-0-0 14. h5 g5 15. hxg6 fxg6 16. Nf4 Bf7 17. e6 Be8 18. Kg1 Qxb2 19. Nfxd5 Rh7 20. Rb1 Qa3 21. Bf4 g5 22. Bc7 Rxd5 23. Nxd5 Qxa2 24. Nxe7+ Rxe7 25. d5 Rxc7 26. Rxh6 Nd4 27. Rh8 Kd8 28. d6 Qd5 29. Rxe8+ 1-0

[Event "SWE-chT2 1314"]
[Site "Sweden"]
[Date "2014.03.08"]
[Round "8"]
[White "Eklund, Joel"]
[Black "Ingbrandt, Johan"]
[Result "0-1"]
[WhiteElo "2206"]
[BlackElo "2369"]
[PlyCount "86"]
[EventDate "2013.11.22"]
[EventType "team-tourn"]
[EventRounds "9"]
[EventCountry "SWE"]
[SourceTitle "EXT 2015"]
[Source "ChessBase"]
[SourceDate "2014.11.20"]
[SourceVersion "1"]
[SourceVersionDate "2014.11.20"]
[SourceQuality "1"]
[WhiteTeam "Limhamn II"]
[BlackTeam "Norrkoping Schack 08"]
[WhiteTeamCountry "SWE"]
[BlackTeamCountry "SWE"]

1. d4 d5 2. Bg5 c5 3. dxc5 f6 4. Bh4 e5 5. e4 dxe4 6. Qxd8+ Kxd8 7. Nc3 Bxc5 8. 0-0-0+ Bd7 9. Nxe4 Be7 10. Bc4 Kc7 11. Ne2 Bc6 12. N2c3 Nh6 13. f3 Nd7 14. Nd5+ Bxd5 15. Bxd5 Nb6 16. Be6 Rad8 17. g4 Rhf8 18. Rxd8 Bxd8 19. Rd1 Re8 20. Bb3 Be7 21. Bf2 f5 22. gxf5 Nxf5 23. Nc5 Bf6 24. Bf7 Re7 25. Bg8 h6 26. c3 Bg5+ 27. Kb1 Be3 28. Bxe3 Nxe3 29. Re1 Ned5 30. Nd3 Kd6 31. Kc2 a5 32. b3 Nf6 33. Bc4 Nxc4 34. bxc4 e4 35. c5+ Kd5 36. Kb3 g5 37. Nf2 e3 38. Nd3 Nh5 39. Kc2 Kc4 40. Rg1 Nf4 41. Ne1 Rd7 42. h4 Rd2+ 43. Kb1 Kxc3 0-1

[Event "SWE-chT2 1314"]
[Site "Sweden"]
[Date "2014.01.18"]
[Round "4"]
[White "Ingbrandt, Johan"]
[Black "Larsson, Anders"]
[Result "1-0"]
[WhiteElo "2369"]
[BlackElo "2291"]
[PlyCount "97"]
[EventDate "2013.11.22"]
[EventType "team-tourn"]
[EventRounds "9"]
[EventCountry "SWE"]
[SourceTitle "EXT 2015"]
[Source "ChessBase"]
[SourceDate "2014.11.20"]
[SourceVersion "1"]
[SourceVersionDate "2014.11.20"]
[SourceQuality "1"]
[WhiteTeam "Norrkoping Schack 08"]
[BlackTeam "Kungstornet"]
[WhiteTeamCountry "SWE"]
[BlackTeamCountry "SWE"]

1. Nf3 d6 2. d4 Bg4 3. c4 Nd7 4. Nc3 g6 5. e4 Bg7 6. Be2 c5 7. Be3 cxd4 8. Bxd4 Ngf6 9. 0-0 0-0 10. Rb1 a6 11. b3 Rc8 12. Re1 b5 13. Nd2 Bxe2 14. Qxe2 Re8 15. Rec1 b4 16. Na4 Qa5 17. Rc2 e5 18. Ba1 d5 19. exd5 Nxd5 20. Ne4 Nf4 21. Qf3 Qc7 22. Rd1 Re6 23. g3 Nh5 24. Rcd2 Nf8 25. Rd5 Nf6 26. Rc5 Qb8 27. Bxe5 Rxe5 28. Nxf6+ Bxf6 29. Rxc8 Qxc8 30. Qxf6 Qe8 31. Nb6 Rf5 32. Qb2 Qe7 33. Nd5 Qe6 34. Qd4 h5 35. Qd2 Nh7 36. Re1 Re5 37. Rxe5 Qxe5 38. h4 a5 39. Kg2 g5 40. Qe3 Qxe3 41. fxe3 f6 42. c5 Kf7 43. c6 Ke6 44. Kf3 f5 45. e4 fxe4+ 46. Kxe4 gxh4 47. gxh4 Nf8 48. c7 Kd7 49. Kf5 1-0

[Event "SWE-chT2 1213"]
[Site "Sweden"]
[Date "2013.03.16"]
[Round "8"]
[White "Bergstrom, Rolf"]
[Black "Ingbrandt, Johan"]
[Result "1/2-1/2"]
[WhiteElo "2286"]
[BlackElo "2337"]
[PlyCount "39"]
[EventDate "2012.10.20"]
[EventType "team-tourn"]
[EventRounds "9"]
[EventCountry "SWE"]
[SourceTitle "EXT 2015"]
[Source "ChessBase"]
[SourceDate "2014.11.20"]
[SourceVersion "1"]
[SourceVersionDate "2014.11.20"]
[SourceQuality "1"]
[WhiteTeam "Stockholm SS"]
[BlackTeam "Norrkoping Schack 08"]
[WhiteTeamCountry "SWE"]
[BlackTeamCountry "SWE"]

1. e4 d6 2. d4 Nf6 3. Nc3 e5 4. dxe5 dxe5 5. Qxd8+ Kxd8 6. Bc4 Ke8 7. Nf3 Bd6 8. Bg5 Nbd7 9. 0-0-0 a6 10. a4 h6 11. Bh4 g6 12. Ne1 Kf8 13. Nd3 Kg7 14. f3 Re8 15. Rd2 Nb6 16. Bb3 Be6 17. Bxe6 Rxe6 18. b3 Nbd7 19. Rhd1 Rb8 20. Kb2 1/2-1/2

[Event "SWE-chT2 0809"]
[Site "Sweden"]
[Date "2009.03.15"]
[Round "9"]
[White "Ingbrandt, Johan"]
[Black "Bergstrom, Rolf"]
[Result "1-0"]
[WhiteElo "2469"]
[BlackElo "2355"]
[PlyCount "61"]
[EventDate "2008.10.25"]
[EventType "team-tourn"]
[EventRounds "9"]
[EventCountry "SWE"]
[SourceTitle "EXT 2011"]
[Source "ChessBase"]
[SourceDate "2010.11.26"]
[SourceVersion "1"]
[SourceVersionDate "2010.11.26"]
[SourceQuality "1"]

1. d4 c5 2. d5 d6 3. e4 Nf6 4. Nc3 e6 5. Bb5+ Bd7 6. a4 exd5 7. exd5 Be7 8. Nf3 0-0 9. h3 Na6 10. 0-0 Nc7 11. Be2 b6 12. Nd2 a6 13. Nc4 Rb8 14. Bf4 Bc8 15. Bf3 Re8 16. Re1 h6 17. Qd3 Bf8 18. a5 b5 19. Nb6 Bb7 20. b4 cxb4 21. Na2 Na8 22. Be3 Nxb6 23. Bxb6 Qd7 24. Nxb4 Rxe1+ 25. Rxe1 Re8 26. Rc1 Rc8 27. Bd4 Rc4 28. c3 Be7 29. Re1 Rc7 30. Re3 Kf8 31. Nc6 1-0

[Event "SWE-chT2 0809"]
[Site "Sweden"]
[Date "2009.03.13"]
[Round "7"]
[White "Logdahl, Harald"]
[Black "Ingbrandt, Johan"]
[Result "1-0"]
[WhiteElo "2382"]
[BlackElo "2469"]
[PlyCount "69"]
[EventDate "2008.10.25"]
[EventType "team-tourn"]
[EventRounds "9"]
[EventCountry "SWE"]
[SourceTitle "EXT 2011"]
[Source "ChessBase"]
[SourceDate "2010.11.26"]
[SourceVersion "1"]
[SourceVersionDate "2010.11.26"]
[SourceQuality "1"]

1. e4 e5 2. Nc3 Nf6 3. g3 Bc5 4. Bg2 0-0 5. d3 Re8 6. Nf3 Nc6 7. 0-0 a6 8. Be3 d6 9. h3 h6 10. d4 Bb4 11. d5 Ne7 12. Nh2 c6 13. Na4 cxd5 14. Bb6 Qd7 15. c3 Bc5 16. b4 Bxb4 17. cxb4 dxe4 18. Be3 Ned5 19. Ng4 Nxg4 20. hxg4 Qb5 21. Bxe4 Nxe3 22. fxe3 Qxb4 23. Bd5 Be6 24. Rb1 Qa3 25. Qb3 Qxb3 26. Bxb3 b5 27. Nc3 Rac8 28. Ne4 Bxb3 29. Rxb3 Re6 30. Rd3 Rc4 31. Nxd6 Rxg4 32. Kh2 h5 33. Nxf7 h4 34. Rd8+ Kh7 35. Kh3 1-0

[Event "SWE-chT 0304"]
[Site "Sweden"]
[Date "2004.??.??"]
[Round "9"]
[White "Ingbrandt, Johan"]
[Black "Johansson, Gunnar"]
[Result "1-0"]
[WhiteElo "2482"]
[BlackElo "2258"]
[PlyCount "71"]
[EventDate "2003.10.??"]
[EventType "team"]
[EventRounds "11"]
[EventCountry "SWE"]
[SourceTitle "EXT 2005"]
[Source "ChessBase"]
[SourceDate "2004.11.15"]
[SourceVersion "1"]
[SourceVersionDate "2004.11.15"]
[SourceQuality "1"]
[WhiteTeam "Norrkoping Schack 08"]
[BlackTeam "Solna"]
[WhiteTeamCountry "SWE"]
[BlackTeamCountry "SWE"]

1. d4 d5 2. c4 c6 3. Nf3 Nf6 4. Qc2 e6 5. Nbd2 dxc4 6. Nxc4 c5 7. dxc5 Bxc5 8. a3 0-0 9. b4 Bb6 10. Bb2 Bd7 11. Rd1 Qe7 12. e3 Rc8 13. Bd3 a5 14. Qd2 Ne4 15. Qe2 Rxc4 16. Bxc4 axb4 17. 0-0 bxa3 18. Ba1 Bc5 19. Qc2 Nf6 20. Ng5 Ba4 21. Bb3 Bxb3 22. Qxb3 Nd5 23. Qc2 Qxg5 24. Qxc5 Nd7 25. Qb5 Qd8 26. e4 N5b6 27. Rd6 Qc7 28. Rfd1 Rc8 29. h3 h6 30. Qa5 Qc2 31. Qxa3 Nc4 32. Qg3 g6 33. Rxd7 Qxe4 34. Rd8+ Rxd8 35. Rxd8+ Kh7 36. Rh8# 1-0